01783nam a2200373 a 4500001001200000003000800012006001900020007001500039008004100054010001700095015001900112016001800131020002900149020002600178040002100204035002100225050002300246082001400269082001600283100002900299245012000328260005800448300003000506504005100536505042000587533015201007650001801159650002101177650002201198655002901220710001701249856012601266999001701392ebr10348633CaPaEBRm u cr cn|||||||||090514s2009 enkab sb 001 0 eng  z 2009020070 aGBA9561742bnb7 z0152858932Uk z9780199239184 (hardback) z0199239185 (hardback) aCaPaEBRcCaPaEBR a(OCoLC)50201260614aGN285b.F54 2009eb04a303.422204a569.9862221 aFinlayson, Clive,d1955-14aThe humans who went extincth[electronic resource] :bwhy Neanderthals died out and we survived /cClive Finlayson. aOxford ;aNew York :bOxford University Press,c2009. axi, 273 p. :bill., maps. aIncludes bibliographical references and index.0 aPrologue : when climate changed the course of history -- The road to extinction is paved with good intentions -- Once we were not alone -- Failed experiments -- Stick to what you know best -- Being in the right place at the right time -- If only . . . -- Africa in Europe : a Mediterranean serengeti -- One small step for man . . . -- Forever opportunists -- The pawn turned player -- Epilogue : children of chance. aElectronic reproduction.bPalo Alto, Calif. :cebrary,d2013.nAvailable via World Wide Web.nAccess may be limited to ebrary affiliated libraries. 0aNeanderthals. 0aHuman evolution. 0aSocial evolution. 7aElectronic books.2local2 aebrary, Inc.40uhttp://site.ebrary.com/lib/rucke/Doc?id=10348633zAn electronic book accessible through the World Wide Web; click to view c42135d42135